Výklad nového zákona o účtovníctve (zákon č. 431/2002 Z. z.)

Salvato in:
Dettagli Bibliografici
Autore principale: Šlosárová, Anna
Altri autori: Šlosár, Rudolf
Natura: Libro
Lingua:slovacco
Pubblicazione: Bratislava IURA EDITION 2003
Serie:Ekonómia
Soggetti:
Tags: Aggiungi Tag
Nessun Tag, puoi essere il primo ad aggiungerne!!

MARC

LEADER 00000nam a2200000 4500
001 c141586
005 20221108125318.3
020 |a 80-89047-55-6 
041 0 |a slo 
044 |a SK 
245 1 0 |a Výklad nového zákona o účtovníctve  |b (zákon č. 431/2002 Z. z.)  |c Anna Šlosárová - Rudolf Šlosár 
264 1 |a Bratislava  |b IURA EDITION  |c 2003 
300 |a 121 s. 
490 1 |a Ekonómia 
830 0 |a Ekonómia 
610 2 0 |a zákony 
610 2 0 |a účtovníctvo 
610 2 0 |a knihy účtovné 
610 2 0 |a doklady účtovné 
610 2 0 |a závierka účtovná 
610 2 0 |a oceňovanie 
610 2 0 |a inventarizácia 
610 2 0 |a dokumentácia účtovná 
610 2 0 |a smernice 
610 2 0 |a Rada Európy 
610 2 0 |a Európska únia 
610 2 0 |a Slovensko 
100 1 |a Šlosárová, Anna 
700 1 |a Šlosár, Rudolf